00731nam a22002057a 4500003000500000005001700005008004100022010001000063011001000073035001000083040000900093100003100102245015500133260004000288300002200328502007700350650003200427650002700459650003900486CHAP20220329140608.0971013s1986 r 00010 d a54473 a55445 a59597 cCHAP00aSandoval Guerrero, Sergio. aEfecto de los abonos orgánicos y fertilizantes químicos en el rendimiento de calabacita (Cucurbita pepo L.) en el Valle de San Quintín, B. C. N. aChapingo, Méx. :bEl autor,c1986 a80 h.b: gráfs. aTesis (Ing. Agr. Esp. en Fitotecnia) -- UACH. Departamento de Fitotecnia14aAbonosxEfecto en calabaza.14aCalabazaxRendimiento.14aFertilizantesxEfecto en calabaza.